000 00847nam a2200253 a 4500
001 vtls003211382
003 MY-SjTCS
005 20200226114444.0
008 110218s2008 my d 000 0 eng d
020 _a9789836803207 (pbk.)
020 _a9836803203 (pbk.)
039 9 _a201102181654
_bVLOAD
_c201012081201
_dwilmina
_y201010201507
_zmalathy
041 _amal
_aeng
082 0 4 _a499.23321
_bYAN 2008
100 0 _aYang Kassim.
_96340
245 1 0 _aMalay-English, English-Malay dictionary /
_cYang Kassim.
260 _aBatu Caves, Selangor :
_bMinerva Publications,
_c2008.
300 _a1181 p. ;
_c20 cm
500 _a"Kamus Minerva"--Cover.
546 _aText in English and Malay.
650 0 _aMalay language
_vDictionaries
_xEnglish.
_929885
650 0 _aEnglish language
_vDictionaries
_xMalay.
_922728
920 _aGENLS : 153123
999 _c132731